Ekonomika včera, dnes a zítra Centrální banka hodnotila

Hodnotenie hospodárskeho vývoja ČR za r. 1989-1994 Českou národnou bankou. Stručné zhodnotenie krokov päťročného transformačného obdobia (legislatíva, dotácie, liberalizácia cien, dane, privatizácia, HDP...). Charakteristika r. 1994 - začiatok konjunktúry. Prognóza hospodárskeho vývoja na r. 1995. R...

Ausführliche Beschreibung

Gespeichert in:
Bibliographische Detailangaben
1. Verfasser: Donátová, B.
Format: Buchkapitel
Sprache:Tschechisch
Schlagworte:
Tags: Tag hinzufügen
Keine Tags, Fügen Sie das erste Tag hinzu!

MARC

LEADER 00000naa a2200000 4500
001 r024372
005 20221208130724.5
041 0 |a cze 
044 |a CZ 
245 1 0 |a Ekonomika včera, dnes a zítra  |b Centrální banka hodnotila  |c B. Donátová 
520 |a Hodnotenie hospodárskeho vývoja ČR za r. 1989-1994 Českou národnou bankou. Stručné zhodnotenie krokov päťročného transformačného obdobia (legislatíva, dotácie, liberalizácia cien, dane, privatizácia, HDP...). Charakteristika r. 1994 - začiatok konjunktúry. Prognóza hospodárskeho vývoja na r. 1995. Rozvoj základných odvetví. Ceny. Miera inflácie. Nezamestnanosť. 
610 2 0 |a vývoj hospodársky 
610 2 0 |a rast hospodársky 
610 2 0 |a prognózy hospodárske 
610 2 0 |a 1989-1994 
610 2 0 |a Česko 
610 2 0 |a ČNB Praha 
610 2 0 |a 1995 
610 2 0 |a konjunktúra 
610 2 0 |a ukazovatele ekonomické 
100 1 |a Donátová, B.